000 00442nam a2200181Ia 4500
001 22881
005 20260414150900.0
008 260414t2002||||xx |||||||||||||| ||spa||
041 _aESP
082 _a624.16
_bA15
100 _aAbramson, Lee W.
_eAUT
245 0 _aSlope stability and stabilization methods
_b
260 _c2002
300 _axxii, 712 páginas :
_c24 cm.
650 _a0
654 _aCIC
942 _cLIB
_dJUS
_fJUS
_2ddc
_n
999 _c22881
_d22881